000 01104nam0a22002771 4500
001 rc\559271
005 20250621131948.0
035 _a(NLR Aleph) 005794438
090 _a5231002
_c5231003
100 _a20030616d1988 |||y0rusy50 ca
101 0 _arus
102 _aRU
105 _aa |||||||||
200 1 _aРадиальные распределения плотности излучения лазера на парах висмута
_fВ.А. Кельман, Ю.О. Шпеник, И.П. Запесочный
_gАН УССР
210 _aКиев
_cИЯИ
_d1988
215 _a11, [1] с.
_cграф.
_d20
225 1 _aПрепринт
_fАН УССР, Ин-т ядер. исслед.
_vКИЯИ-88-37
320 _aБиблиогр. в конце кн. (6 назв.)
700 1 _aКельман
_bВ.А.
_gВладимир Андреевич
701 1 _aШпеник
_bЮ.О.
_gЮрий Оттович
701 1 _aЗапесочный
_bИ.П.
_gИван Прохорович
801 0 _aRU
_bNLR
_gpsbo
801 1 _aRU
_bELAR
_2rusmarc
852 _aNLR
_j88-4/20649
942 _cBOOK
980 _aNB